Introduction to the mathematics of medical imaging / (Record no. 18659)
[ view plain ]
| 000 -LEADER | |
|---|---|
| fixed length control field | 01022cam a2200289 a 4500 |
| 001 - CONTROL NUMBER | |
| control field | 14924760 |
| 005 - DATE AND TIME OF LATEST TRANSACTION | |
| control field | 20141120160244.0 |
| 008 - FIXED-LENGTH DATA ELEMENTS--GENERAL INFORMATION | |
| fixed length control field | 070712t2008 xxua frb 001 0 eng d |
| 010 ## - LIBRARY OF CONGRESS CONTROL NUMBER | |
| LC control number | 2007061801 |
| 020 ## - INTERNATIONAL STANDARD BOOK NUMBER | |
| International Standard Book Number | 9780898716429 (pbk.) |
| 020 ## - INTERNATIONAL STANDARD BOOK NUMBER | |
| Cancelled/invalid ISBN | 089871642X (pbk.) |
| 040 ## - CATALOGING SOURCE | |
| Original cataloging agency | DLC |
| Transcribing agency | DLC |
| Modifying agency | YDX |
| -- | YDXCP |
| -- | BAKER |
| -- | BTCTA |
| -- | DLC |
| -- | EG-ScBUE |
| 082 00 - DEWEY DECIMAL CLASSIFICATION NUMBER | |
| Classification number | 616.0754 |
| Edition number | 22 |
| Item number | EPS |
| 100 1# - MAIN ENTRY--PERSONAL NAME | |
| Personal name | Epstein, Charles L. |
| 9 (RLIN) | 36642 |
| 245 10 - TITLE STATEMENT | |
| Title | Introduction to the mathematics of medical imaging / |
| Statement of responsibility, etc | Charles L. Epstein. |
| 250 ## - EDITION STATEMENT | |
| Edition statement | 2nd ed. |
| 260 ## - PUBLICATION, DISTRIBUTION, ETC. (IMPRINT) | |
| Place of publication, distribution, etc | Philadelphia, United States : |
| Name of publisher, distributor, etc | Society for Industrial and Applied Mathematics, |
| Date of publication, distribution, etc | c.2008. |
| 300 ## - PHYSICAL DESCRIPTION | |
| Extent | xxxiii, 761 p. : |
| Other physical details | ill. ; |
| Dimensions | 26 cm. |
| 500 ## - GENERAL NOTE | |
| General note | Index : p. 753-761. |
| 504 ## - BIBLIOGRAPHY, ETC. NOTE | |
| Bibliography, etc | Bibliography : p. 743-751. |
| 650 #0 - SUBJECT ADDED ENTRY--TOPICAL TERM | |
| Topical term or geographic name as entry element | Diagnostic imaging |
| General subdivision | Mathematics |
| 9 (RLIN) | 36643 |
| 650 #0 - SUBJECT ADDED ENTRY--TOPICAL TERM | |
| Topical term or geographic name as entry element | Imaging systems in medicine |
| General subdivision | Mathematics |
| 9 (RLIN) | 36644 |
| 650 #0 - SUBJECT ADDED ENTRY--TOPICAL TERM | |
| Topical term or geographic name as entry element | Medical physics |
| General subdivision | Mathematics |
| 9 (RLIN) | 36645 |
| 653 ## - INDEX TERM--UNCONTROLLED | |
| Resource For college | Pharmacy |
| Arrived date list | November2014 |
| 655 ## - INDEX TERM--GENRE/FORM | |
| Form subdivision | |
| -- | 34232 |
| 942 ## - ADDED ENTRY ELEMENTS (KOHA) | |
| Source of classification or shelving scheme | Dewey Decimal Classification |
| Call number prefix | 616.0754 EPS |
| Withdrawn status | Item status | Source of classification or shelving scheme | Damaged status | Not for loan | Vendor | Home library | Current library | Shelving location | Date acquired | Source of acquisition | Cost, normal purchase price | Serial Enumeration / chronology | Total Checkouts | Full call number | Barcode | Date last seen | Cost, replacement price | Koha item type |
|---|---|---|---|---|---|---|---|---|---|---|---|---|---|---|---|---|---|---|
| Dewey Decimal Classification | Baccah | Central Library | Central Library | First floor | 20/11/2014 | 501.00 | 20677 | 616.0754 EPS | 000037041 | 15/07/2025 | 626.25 | Book - Borrowing |